1327 1169 1798 1659 1147 1631 1859 1090 1838 1247 1233 1206 1954 1979 1087 1872 1634 1945 1845 1585 1496 1319 1997 1593 1073 1041 1754 1802 1640 1531 1161 1142 1442 1226 1690 1279 1026 1540 1007 1857 1972 1387 1145 1433 1970 1513 1365 1927 1742 1094 1965 1616 1972 1013 1289 1059 1768 1987 1636 1699 1382 1736 1867 1555 1815 1038 1022 1770 1812 1974 1654 1362 1479 1335 1768 1720 1245 1899 1118 1721 1103 1713 1414 1120 1266 1327 1126 1342 1037 1720 1711 1956 1896 1068 1307 1947 1548 1536 1141 BCNSPRNW ULIB Ver.6.0+V

เปลี่ยนเป็นภาษาไทย

Change to English
 แสดงรายละเอียดบรรณานุกรม
  กลับหน้าหลัก

Brief Record : Get Marc (ISO 2709) : E-mail record : QR code < ปิดหน้าต่าง
LEADER : 00000nam 2200000uu 4500
001    13399124105
003     ULIB
008    150118s2557||||th 000 0 tha d
020    ^a9786165517614
060 04 ^aWC100^bC976
100 0  ^aกำพล สุวรรณพิมลกุล,^eบรรณาธิการ
245 00 ^aCurrent topics in infectious diseases v.II/^cบรรณาธิการ, กำพล สุวรรณพิมลกุล ... [และคนอื่นๆ]
250    ^aพิมพ์ครั้งที่ 1
260    ^aกรุงเทพฯ :^bสาขาวิชาโรคติดเชื้อ ภาควิชาอายุรศาสตร์ คณะแพทยศาสตร์จุฬาลงกรณ์มหาวิทยาลัย,^c2557
300    ^a280 หน้า :^bภาพประกอบ ;^c26 ซม.
500    ^aพิมพ์ครั้งที่ 1
505 0  ^aโรคติดเชื้ออุบัติใหม่และโรคติดเชื้ออุบัติซ้ำ--How to combat with emerging infectious diseases in AEC era--จัดการอย่างไรกับโรคติดต่ออุบัติใหม่ในยุคประชาคมเศรษฐกิจอาเซียน--A way to overcome hurdles obstructing clinical diagnosis--โรคสครัปทัยฟัสและโรคติดเชื้อริกเก็ตเซีย:การวินิจฉัยและการรักษา--Emerging rickettsioses in Thaland--ไข้แดงกี่และไข้เลือดออกในผู้ใหญ่--การรักษาผู้ป่วยมาลาเรียในประเทศไทย--แนวทางการดูแลรักษาผู้ป่วย Febbrile neutropenia ภายหลังได้รับยาเคมีบำบัดในโรงพยาบาลจุฬาลงกรณ์--What is new in the management of viral hepatitis C--What non-nephrologist should know about kidney transplantation--แนวทางการตรวจวินิจฉัยโรคติดเชื้อของระบบประสาท--Neuroimaging in CNS infection--Updates on guidelines of antiretroviral therapy and new antiretroviral agents--วัคซีนสำหรับวันรุ่น ผู้ใหญ่และผู้สูงอายุ--การฉีดวัคซีนป้องกันโรคพิษสุนัขบ้า--การป้องกันโรคในบุคคลากรทางการแพทย์--Personal protective equipments (PPE) for healthcare personnel
650  4 ^aการติดเชื้อ^xการรักษา
650  4 ^aการติดเชื้อ^xการวินิจฉัย
650  4 ^aโรคติดเชื้อ^xการรักษา
650  4 ^aโรคติดเชื้อ^xการวินิจฉัย
710 2  ^aจุฬาลงกรณ์มหาวิทยาลัย. ^bคณะแพทยศาสตร์. ^bภาควิชาอายุรศาสตร์.^bสาขาวิชาโรคติดเชื้อ
945    ^p400^l0^i038345
945    ^p400^l0^i038346
945    ^p400^l0^i038347
945    ^p400^l0^i038348
945    ^p400^l0^i038349
945    ^p400^l0^i038350
945    ^p400^l0^i038351
945    ^p400^l0^i038352
999    ^aเกษร โพธิ์สุวรรณ
รายการนี้ยังไม่มีแท็ก
คุณยังไม่ได้ล็อกอิน คุณสามารถมีกิจกรรมร่วมกับเว็บไซต์ได้ แต่ต้องล็อกอินก่อน ::
  ล็อกอิน

รายการสื่อสารสนเทศ

ลำดับที่ ประเภท เลขเรียก/บาร์โค้ด สถานที่ สถานะ
1. วิทยาศาสตร์การแพทย์ และสุขภาพ
วิทยาศาสตร์การแพทย์ และสุขภาพ
สถานะ=หนังสือเก่า
WC100 C976 ฉ.1 
  Barcode: 038345
ห้องสมุดวิทยาเขตสวรรค์ประชารักษ์
►ส่วนจัดเก็บหนังสือเก่า สปร
บนชั้น
  ขอยืม
2. วิทยาศาสตร์การแพทย์ และสุขภาพ
วิทยาศาสตร์การแพทย์ และสุขภาพ
สถานะ=หนังสือเก่า
WC100 C976 ฉ.2 
  Barcode: 038346
ห้องสมุดวิทยาเขตสวรรค์ประชารักษ์
►ส่วนจัดเก็บหนังสือเก่า สปร
บนชั้น
  ขอยืม
3. วิทยาศาสตร์การแพทย์ และสุขภาพ
วิทยาศาสตร์การแพทย์ และสุขภาพ
สถานะ=หนังสือเก่า
WC100 C976 ฉ.3 
  Barcode: 038347
ห้องสมุดวิทยาเขตสวรรค์ประชารักษ์
►ส่วนจัดเก็บหนังสือเก่า สปร
บนชั้น
  ขอยืม
4. วิทยาศาสตร์การแพทย์ และสุขภาพ
วิทยาศาสตร์การแพทย์ และสุขภาพ
สถานะ=หนังสือเก่า
WC100 C976 ฉ.4 
  Barcode: 038348
ห้องสมุดวิทยาเขตสวรรค์ประชารักษ์
►ส่วนจัดเก็บหนังสือเก่า สปร
บนชั้น
  ขอยืม
5. วิทยาศาสตร์การแพทย์ และสุขภาพ
วิทยาศาสตร์การแพทย์ และสุขภาพ
สถานะ=หนังสือเก่า
WC100 C976 ฉ.5 
  Barcode: 038349
ห้องสมุดวิทยาเขตสวรรค์ประชารักษ์
►ส่วนจัดเก็บหนังสือเก่า สปร
บนชั้น
  ขอยืม
6. วิทยาศาสตร์การแพทย์ และสุขภาพ
วิทยาศาสตร์การแพทย์ และสุขภาพ
สถานะ=หนังสือเก่า
WC100 C976 ฉ.6 
  Barcode: 038350
ห้องสมุดวิทยาเขตสวรรค์ประชารักษ์
►ส่วนจัดเก็บหนังสือเก่า สปร
บนชั้น
  ขอยืม
7. วิทยาศาสตร์การแพทย์ และสุขภาพ
วิทยาศาสตร์การแพทย์ และสุขภาพ
สถานะ=หนังสือเก่า
WC100 C976 ฉ.7 
  Barcode: 038351
ห้องสมุดวิทยาเขตสวรรค์ประชารักษ์
►ส่วนจัดเก็บหนังสือเก่า สปร
บนชั้น
  ขอยืม
8. วิทยาศาสตร์การแพทย์ และสุขภาพ
วิทยาศาสตร์การแพทย์ และสุขภาพ
สถานะ=หนังสือเก่า
WC100 C976 ฉ.8 
  Barcode: 038352
ห้องสมุดวิทยาเขตสวรรค์ประชารักษ์
►ส่วนจัดเก็บหนังสือเก่า สปร
บนชั้น
  ขอยืม

BibComment


ยังไม่เคยถูกคอมเมนท์

คอมเมนท์ทรัพยากรรายการนี้
  คอมเมนท์: Current topics i..


 Copyright 2026. Bcnsprnw @Library